Statistics for Easy Composers by Compositions Quiz

Click here to take the quiz!

General Stats

  • This quiz has been taken 22 times
  • The average score is 10 of 15

Answer Stats

HintAnswer% Correct
The Nutcracker SuitePeter Tchaikovsky
95%
Hungarian RhapsodiesFranz Liszt
89%
Fur EliseLudwig van Beethoven
89%
MessiahGeorge Fredric Handel
84%
The EntertainerScott Joplin
84%
Rhapsody in BlueGeorge Gershwin
79%
Hungarian DancesJohannes Brahms
74%
The Well Tempered ClavierJohann Sebastian Bach
74%
Ah, vous dirai-je Maman (Twinkle Twinkle)Woldgang Amadeus Mozart
68%
Romeo and JulietSergei Prokofiev
63%
The ErlkönigFranz Schubert
58%
London SymphoniesFranz Joseph Haydn
42%
Tombeau de CouperinMaurice Ravel
42%
Prelude in C sharp minor Op. 3 No. 2Sergei Rachmaninoff
42%
555 SonatasDomenico Scarlatti
37%

Score Distribution

Percentile by Number Answered

Percent of People with Each Score

Your Score History

You have not taken this quiz